| 000 | 00550nam a2200181 a 4500 | ||
|---|---|---|---|
| 005 | 20250108063737.0 | ||
| 008 | 991125s1985 mx 000 0 spa u | ||
| 020 | _a9688540099 | ||
| 035 | _aUPN01000004255 | ||
| 049 | _aCG | ||
| 050 | 4 |
_aLC155 N5 _bT4.2 |
|
| 100 | 1 |
_aTello Díaz, Carlos, _d1962- _932156 |
|
| 245 | 1 | 0 |
_aApuntes de un brigadista : _bla cruzada de alfabetización en Nicaragua / _cCarlos Tello Díaz. |
| 260 |
_aMéxico : _bCREA, _c1985. |
||
| 300 | _a99 p. | ||
| 650 | 4 |
_aAlfabetización (Educación) _zNicaragua _91953 |
|
| 905 | _aLibro | ||
| 999 |
_c4255 _d4255 |
||